00760nam a2200253 a 4500001001300000003000900013005001700022008004100039020002300080082001800103100002500121245004600146260003600192300000900228500003500237505001000272650001600282650002200298700002500320902000800345942000700353952013100360999001500491nice12345678IN_TiNIC20260116012936.0050524s1991 hyda grp 000 0 eng  a0863114 c18000a303.623bENG2 aEngineer, Asghar Ali aCommunal Riots in Post-Independence India aHyderabadbOrient Longmanc1991 a366p aincludes index and biblioraphy2 aIndex aRiots-India aCommunalism-India1 aEngineer, Asghar Ali bSRS cBK 001040708StackRoom-aHMIbHMId2011-02-07g180.00l2o303.623 ENG2p014262r2024-03-12s2024-02-28v180.00w2005-05-24yBK c8987d8987